[Event "YACT #1"]
[Site "SchemingMind.com"]
[Date "2007.08.12"]
[Round "-"]
[White "jhobeck"]
[Black "Stahp"]
[Result "0-1"]
[WhiteCountry "USA"]
[BlackCountry "FRA"]
[WhiteElo "1365"]
[WhiteRD "70"]
[BlackElo "1639"]
[BlackRD "105"]
[GameID "116267"]

1. e4 c5 2. c3 Nc6 3. d4 cxd4 4. cxd4 g6 5. d5 Ne5 6. f4 Bg7 7. fxe5 Bxe5 8. Nf3 Bg7 9. Ng5 Bh6 10. Nxf7 Kxf7
11. Bxh6 Nxh6 12. Qf3+ Kg7 13. Bc4 Rf8 14. Qc3+ Rf6 15. e5 Rf5 16. e6+ Rf6 17. Rf1 d6 18. Nd2 Kg8 19. O-O-O Qf8 20. Ne4 Rf5
21. Ng5 Qf6 22. Nf3 Qxc3+ 23. bxc3 Ng4 24. Nh4 Rxf1 25. Rxf1 Ne3 26. Rf7 Nxc4 27. Rxe7 Nb6 28. Re8+ Kg7 29. e7 Kf6 30. h3 Nxd5
31. Rh8 Nxe7 32. Rxh7 b6 33. g4 Bb7 34. Rh6 Kg5 35. Nf5 Nxf5 36. Rh7 Ne3 37. h4+ Kxg4 38. Kd2 Nf5
0-1

[Event "YACT #1"]
[Site "SchemingMind.com"]
[Date "2007.08.13"]
[Round "-"]
[White "Stahp"]
[Black "jhobeck"]
[Result "1-0"]
[WhiteCountry "FRA"]
[BlackCountry "USA"]
[WhiteElo "1639"]
[WhiteRD "105"]
[BlackElo "1365"]
[BlackRD "70"]
[GameID "116268"]

1. e4 d5 2. exd5 Qxd5 3. Nc3 Qa5 4. Nf3 Nf6 5. Qe2 Bg4 6. Qb5+ Qxb5 7. Nxb5 Nd5 8. Be2 e6 9. Nfd4 Bxe2 10. Nxe2 c6
11. Na3 Bc5 12. b3 O-O 13. Bb2 Rd8 14. Nc4 Nd7 15. d4 Bb4+ 16. c3 Be7 17. Ne3 Nxe3 18. fxe3 Bh4+ 19. g3 Bg5 20. Bc1 Nf6
21. O-O Ne4 22. c4 Rd6 23. h4 Bf6 24. Rf4 Nxg3 25. Nxg3 e5 26. Ne4 Re6 27. Nxf6+ gxf6 28. Rg4+ Kf8 29. d5 cxd5 30. cxd5 Ree8
31. Ba3+ Re7 32. Bxe7+ Kxe7 33. Rc1 Rd8 34. e4 f5 35. exf5 Rxd5 36. Rc7+ Kd6 37. Rxf7 Rd1+ 38. Kf2 Rd2+ 39. Ke3 Rxa2 40. Rxh7 a6
41. Rxb7 Ra5 42. f6 Rc5 43. f7 Rc3+ 44. Kd2 Rc6 45. f8=Q+
1-0

[Event "YACT #1"]
[Site "SchemingMind.com"]
[Date "2007.08.13"]
[Round "-"]
[White "Dr_Pat"]
[Black "jhobeck"]
[Result "1-0"]
[WhiteCountry "USA"]
[BlackCountry "USA"]
[WhiteElo "1543"]
[WhiteRD "52"]
[BlackElo "1302"]
[BlackRD "79"]
[GameID "116276"]

1. d4 Nf6 2. c4 g6 3. Nc3 Bg7 4. e4 d6 5. Bd3 O-O 6. Nf3 c5 7. O-O cxd4 8. Nxd4 Nc6 9. Nxc6 bxc6 10. f4 Qb6+
11. Kh1 Bg4 12. Qd2 e5 13. f5 gxf5 14. exf5 e4 15. Nxe4 Nxe4 16. Bxe4 Rae8 17. f6 Bh8 18. Qg5+ Bg7 19. Qxg7#
1-0

[Event "YACT #1"]
[Site "SchemingMind.com"]
[Date "2007.08.12"]
[Round "-"]
[White "Dr_Pat"]
[Black "Stahp"]
[Result "0-1"]
[WhiteCountry "USA"]
[BlackCountry "FRA"]
[WhiteElo "1543"]
[WhiteRD "52"]
[BlackElo "1732"]
[BlackRD "136"]
[GameID "116277"]

1. d4 d5 2. c4 Nf6 3. Nf3 Nc6 4. cxd5 Nxd5 5. e4 Nf6 6. d5 Na5 7. b4 Bg4 8. bxa5 h6 9. Qb3 Bxf3 10. Qxf3 Qd6
11. Bf4 Qb4+ 12. Bd2 Qxe4+ 13. Qxe4 Nxe4 14. Bb5+ Kd8 15. O-O g5 16. f3 Bg7 17. fxe4 Bxa1 18. Bc3 Bxc3 19. Nxc3 a6 20. Be2 Rf8
21. Bh5 f6 22. e5 f5 23. Bg6 f4 24. Ne2 Kd7 25. e6+ Kd6 26. Nc3 Kc5 27. Rb1 Kc4 28. Rc1 Kb4 29. Be4 Kxa5 30. Rb1 b5
31. Rb3 Rad8 32. Ne2 Kb6 33. Nd4 c5 34. Nc6 c4 35. Rb1 Rde8 36. Bg6 a5 37. Bxe8 Rxe8 38. a4 b4 39. Nxb4 axb4 40. Rxb4+ Kc5
41. Rb5+ Kd4
0-1

[Event "YACT #1"]
[Site "SchemingMind.com"]
[Date "2007.08.13"]
[Round "-"]
[White "jhobeck"]
[Black "Dr_Pat"]
[Result "1-0"]
[WhiteCountry "USA"]
[BlackCountry "USA"]
[WhiteElo "1298"]
[WhiteRD "75"]
[BlackElo "1476"]
[BlackRD "57"]
[GameID "116278"]

1. e4 Nf6 2. e5 Nd5 3. d4 d6 4. Nf3 dxe5 5. Nxe5 e6 6. c4 Nb6 7. c5 Nd5 8. Nc3 Nxc3 9. Qf3 f6 10. Qh5+ g6
11. Nxg6 hxg6 12. Qxh8 Qxd4 13. Bh6
1-0

[Event "YACT #1"]
[Site "SchemingMind.com"]
[Date "2007.08.12"]
[Round "-"]
[White "Stahp"]
[Black "Dr_Pat"]
[Result "1-0"]
[WhiteCountry "FRA"]
[BlackCountry "USA"]
[WhiteElo "1732"]
[WhiteRD "136"]
[BlackElo "1543"]
[BlackRD "52"]
[GameID "116279"]

1. e4 Nf6 2. e5 Nd5 3. d4 d6 4. Nf3 Bf5 5. Bd3 Bxd3 6. Qxd3 e6 7. Nc3 dxe5 8. Nxd5 Qxd5 9. Nxe5 Bd6 10. Qf3 Bxe5
11. Qxd5 exd5 12. dxe5 Nc6 13. f4 O-O 14. O-O Rae8 15. c3 f6 16. exf6 Rxf6 17. Bd2 Re2 18. Rad1 Ne7 19. g3 Nf5 20. Rf3 d4
21. a3 dxc3 22. Bxc3 Rd6 23. Rxd6 Nxd6 24. h4 Ne4 25. Be5 c6 26. g4 c5 27. Kf1 Rc2 28. Ke1 Rc1+ 29. Ke2 b5 30. f5 Kf7
31. Ke3 Re1+ 32. Kf4 Nd2 33. Re3 Rxe3 34. Kxe3 Nc4+ 35. Ke4 Nxe5 36. Kxe5 c4 37. g5 g6 38. f6 a6 39. Kd5 a5 40. Kc5
1-0

[Event "YACT #1"]
[Site "SchemingMind.com"]
[Date "2007.08.12"]
[Round "-"]
[White "Quanah4"]
[Black "Dr_Pat"]
[Result "1-0"]
[WhiteCountry "USA"]
[BlackCountry "USA"]
[WhiteElo "1599"]
[WhiteRD "78"]
[BlackElo "1476"]
[BlackRD "57"]
[GameID "116284"]

1. d4 Nf6 2. c4 e6 3. Nc3 Bb4 4. Bd2 O-O 5. Nf3 d5 6. cxd5 Nxd5 7. e3 Nd7 8. g3 Nxc3 9. bxc3 Bd6 10. Bg2 Nf6
11. O-O Bd7 12. c4 c5 13. dxc5 Bxc5 14. Ne5 Rb8 15. Qc2 Qc7 16. Rfd1 Qxe5 17. Bc3 Qc7 18. Bxf6
1-0

[Event "YACT #1"]
[Site "SchemingMind.com"]
[Date "2007.08.13"]
[Round "-"]
[White "Quanah4"]
[Black "jhobeck"]
[Result "0-1"]
[WhiteCountry "USA"]
[BlackCountry "USA"]
[WhiteElo "1564"]
[WhiteRD "82"]
[BlackElo "1365"]
[BlackRD "70"]
[GameID "116285"]

1. d4 d5 2. c4 e6 3. e3 Nf6 4. Nc3 c5 5. Nf3 Nc6 6. Be2 Bd6 7. O-O O-O 8. b3 b6 9. Bb2 Ne4 10. Rc1 Qf6
11. cxd5 exd5 12. Nxd5 Qe6 13. Bc4 Na5 14. Nc7 Qf5 15. Nxa8 Bb7 16. Nxb6 axb6 17. Bd3 Bxh2+ 18. Nxh2 Qg5 19. Bxe4 Bxe4 20. dxc5 Qxg2#
0-1

[Event "YACT #1"]
[Site "SchemingMind.com"]
[Date "2007.08.12"]
[Round "-"]
[White "Quanah4"]
[Black "Stahp"]
[Result "1/2-1/2"]
[WhiteCountry "USA"]
[BlackCountry "FRA"]
[WhiteElo "1630"]
[WhiteRD "76"]
[BlackElo "1662"]
[BlackRD "86"]
[GameID "116286"]

1. d4 d5 2. c4 e6 3. e3 Nf6 4. Nf3 Nc6 5. Nc3 Bb4 6. Bd2 Bxc3 7. Bxc3 Ne4 8. Qc2 Qe7 9. cxd5 exd5 10. Bd3 Bf5
11. O-O Qf6 12. Nd2 Nxd2 13. Qxd2 Bxd3 14. Qxd3 O-O-O 15. Rac1 Ne7 16. Rfe1 h5 17. e4 Qg6 18. Qc2 Rhe8 19. e5 Qxc2 20. Rxc2 g6
21. g3 Nf5 22. h4 f6 23. Rce2 Ng7 24. f4 f5 25. b4 Re6 26. a4 Rc6 27. Re3 Re8 28. Kf2 Ne6 29. Ke2 Nd8 30. Kd3 Ree6
31. R3e2 Rc4 32. Rc2 Nc6 33. Rb1 a6 34. a5 Na7 35. Be1 Rec6 36. Rxc4 Rxc4 37. Rb2 Kd7 38. Rc2 Rxc2 39. Kxc2 Nb5 40. Kd3 Ke6
41. Bd2 b6 42. axb6 cxb6 43. Bc3 Na3 44. Bb2 Nc4 45. Bc3 b5 46. Kc2 Nb6 47. Kd3 Nd7=
1/2-1/2

[Event "YACT #1"]
[Site "SchemingMind.com"]
[Date "2007.08.12"]
[Round "-"]
[White "Dr_Pat"]
[Black "Quanah4"]
[Result "0-1"]
[WhiteCountry "USA"]
[BlackCountry "USA"]
[WhiteElo "1476"]
[WhiteRD "57"]
[BlackElo "1599"]
[BlackRD "78"]
[GameID "116287"]

1. d4 d5 2. c4 c5 3. cxd5 Qxd5 4. e3 e6 5. Nc3 Qd8 6. Bb5+ Bd7 7. Bxd7+ Nxd7 8. Nf3 Ngf6 9. O-O Be7 10. b3 O-O
11. Ba3 Rc8 12. Rc1 b6 13. Qe2 h6 14. Na4 Ne4 15. Qd3 Ndf6 16. Rc4 b5
0-1

[Event "YACT #1"]
[Site "SchemingMind.com"]
[Date "2007.08.14"]
[Round "-"]
[White "jhobeck"]
[Black "Quanah4"]
[Result "0-1"]
[WhiteCountry "USA"]
[BlackCountry "USA"]
[WhiteElo "1365"]
[WhiteRD "70"]
[BlackElo "1564"]
[BlackRD "82"]
[GameID "116288"]

1. e4 e6 2. d4 d5 3. Nc3 c5 4. exd5 exd5 5. dxc5 Bxc5 6. Bb5+ Bd7 7. Qxd5 Qe7+ 8. Be3 Nf6 9. Qxb7 Bxe3 10. fxe3 Qxe3+
11. Nce2 Qe4 12. Qxe4+ Nxe4 13. O-O-O Bxb5 14. Nd4 Bd7 15. Ngf3 Nf2 16. Ne5 Nxh1 17. Rxh1 O-O 18. Rd1 Be6 19. Nb5 Na6 20. Rd6 Nc5
21. Nc7 Rac8 22. Nb5 Rfd8 23. Rxd8+ Rxd8 24. Nc7 Bxa2 25. c3 Nb3+ 26. Kc2 Rd2#
0-1

[Event "YACT #1"]
[Site "SchemingMind.com"]
[Date "2007.08.12"]
[Round "-"]
[White "Stahp"]
[Black "Quanah4"]
[Result "1-0"]
[WhiteCountry "FRA"]
[BlackCountry "USA"]
[WhiteElo "1662"]
[WhiteRD "86"]
[BlackElo "1630"]
[BlackRD "76"]
[GameID "116289"]

1. e4 e6 2. d4 d5 3. e5 c5 4. dxc5 Bxc5 5. Nf3 f6 6. exf6 Nxf6 7. Bg5 O-O 8. Bd3 Qc7 9. Bxf6 Rxf6 10. O-O Nc6
11. Nc3 b6 12. Re1 Bd7 13. a3 Re8 14. Bb5 Bd6 15. g3 Ref8 16. Bxc6 Bxc6 17. Ng5 e5 18. Qd3 g6 19. Nxd5 Bxd5 20. Qxd5+ Kh8
21. Ne6 Qf7 22. Qxd6 Rxe6 23. Qd2 Ree8 24. Re2 Rd8 25. Qc3 a6 26. Qxe5+ Kg8 27. Qe6 Qxe6 28. Rxe6 Rb8 29. Rd1 Rfe8 30. Rxe8+ Rxe8
31. Rd6 Rb8 32. c4 Kg7 33. b4 a5 34. b5 h5 35. f4 Kf7 36. a4 Rb7 37. Kf2 Ke7 38. Rxg6 Rc7 39. Rc6 Rxc6 40. bxc6 Kd6
41. Ke3 Kxc6 42. Kd4 Kd6 43. h3 Ke6 44. g4 hxg4 45. hxg4 Kf6 46. Kd5 Ke7 47. Kc6 Ke6 48. Kxb6 Kd6 49. f5 Ke5 50. c5 Kf4
51. f6 Kxg4 52. f7
1-0

[Event "YACT #1"]
[Site "SchemingMind.com"]
[Date "2007.08.13"]
[Round "-"]
[White "bartleby en passant"]
[Black "Dr_Pat"]
[Result "1-0"]
[WhiteCountry "IRL"]
[BlackCountry "USA"]
[WhiteElo "1767"]
[WhiteRD "72"]
[BlackElo "1543"]
[BlackRD "52"]
[GameID "116295"]

1. d4 Nf6 2. c4 e6 3. Nc3 Bb4 4. a3 Bxc3+ 5. bxc3 O-O 6. Bg5 h6 7. Bh4 d5 8. e3 Nbd7 9. c5 c6 10. Bd3 b6
11. Qa4 Re8 12. Qxc6 Rb8 13. Qd6 Bb7 14. c6
1-0

[Event "YACT #1"]
[Site "SchemingMind.com"]
[Date "2007.08.13"]
[Round "-"]
[White "bartleby en passant"]
[Black "jhobeck"]
[Result "1-0"]
[WhiteCountry "IRL"]
[BlackCountry "USA"]
[WhiteElo "1765"]
[WhiteRD "76"]
[BlackElo "1326"]
[BlackRD "75"]
[GameID "116296"]

1. d4 Nf6 2. c4 c5 3. dxc5 e6 4. b4 a5 5. Qa4 Nc6 6. Bd2 b6 7. Nf3 bxc5 8. b5 Ne7 9. Nc3 Ng6 10. e4 Bd6
11. h3 O-O 12. Bd3 Qc7 13. Qc2 Ne5 14. Nxe5 Bxe5 15. Rb1 Nh5 16. Be2 Bh2 17. Bxh5 Be5 18. Be3 Bb7 19. a4 Rad8 20. Bf3 d5
21. exd5 exd5 22. Nxd5 Qd6 23. Qd2 Bd4 24. Bxd4 cxd4 25. Qxd4 Rfe8+ 26. Kf1 Bc8 27. Bg4 Qe5 28. Qxe5 Rxe5 29. Bxc8 Rxc8 30. Ne3 f5
31. g3 Rd8 32. Kg2 Rd3 33. Rhd1 Ra3 34. Ra1 Rb3 35. Rd7 h5 36. Rad1 Re8 37. Nxf5 Rb4 38. Rxg7+ Kf8 39. Rdd7
1-0

[Event "YACT #1"]
[Site "SchemingMind.com"]
[Date "2007.08.14"]
[Round "-"]
[White "bartleby en passant"]
[Black "Quanah4"]
[Result "1-0"]
[WhiteCountry "IRL"]
[BlackCountry "USA"]
[WhiteElo "1759"]
[WhiteRD "72"]
[BlackElo "1645"]
[BlackRD "75"]
[GameID "116297"]

1. e4 e6 2. d4 d5 3. e5 c5 4. c3 Nc6 5. Nf3 b6 6. Bb5 Bd7 7. Qa4 Qc7 8. Bd2 Nge7 9. Qd1 g6 10. Bg5 Bg7
11. Bxe7 Nxe7 12. a4 O-O 13. O-O a6 14. Bxd7 Qxd7 15. Nbd2 Rab8 16. b4 c4 17. Re1 b5 18. axb5 axb5 19. Ra5 Nc6 20. Ra2 f6
21. h3 Ra8 22. Qc2 Rxa2 23. Qxa2 Qb7 24. Ra1 fxe5 25. Qa6 Rf7 26. Qxb7 Rxb7 27. Ra6 Rc7 28. Ra8+ Kf7 29. Ng5+ Ke7 30. dxe5 Bxe5
31. Nb1 h6 32. Nf3 Bf6 33. Kf1 Ra7 34. Rxa7+ Kd6 35. Rh7 h5 36. g4 h4 37. Nxh4 g5 38. Nf3 Ne7 39. Nd4 Bxd4 40. cxd4 Nc6
41. Rg7 Nxd4 42. Rxg5 Nf3 43. Rg8 Ne5 44. Nc3 Nc6 45. h4 Nxb4 46. h5 Nd3 47. h6 b4 48. Nb5+ Kc5 49. h7 b3 50. h8=Q Kxb5
51. Rb8+ Kc5 52. Rc8+ Kb4 53. Rb8+ Ka3 54. Qa1#
1-0

[Event "YACT #1"]
[Site "SchemingMind.com"]
[Date "2007.08.13"]
[Round "-"]
[White "bartleby en passant"]
[Black "Stahp"]
[Result "1-0"]
[WhiteCountry "IRL"]
[BlackCountry "FRA"]
[WhiteElo "1761"]
[WhiteRD "74"]
[BlackElo "1694"]
[BlackRD "92"]
[GameID "116298"]

1. d4 d5 2. c4 e6 3. Nc3 Bb4 4. Nf3 Nc6 5. Bg5 f6 6. Bh4 g5 7. Bg3 f5 8. e3 Nf6 9. Nxg5 h6 10. Nf3 Ne4
11. Rc1 Bxc3+ 12. bxc3 Nxg3 13. hxg3 Bd7 14. c5 a6 15. Nh4 Qf6 16. Qh5+ Qf7 17. Qxf7+ Kxf7 18. Be2 Rag8 19. Rb1 Bc8 20. Bh5+ Kf6
21. f4 Rxg3 22. Kf2 Rhg8 23. Rh3 Rxh3 24. gxh3 Na5 25. Be2 Bd7 26. Nf3 Ke7 27. Rg1 Rxg1 28. Kxg1 Nc4 29. Bxc4 dxc4 30. Ne5 Ke8
31. Kf2 b5 32. cxb6 cxb6 33. Nxc4 b5 34. Na5 Ke7 35. a3 Kd6 36. c4 Kc7 37. cxb5 Bxb5 38. Nb3 Kb6 39. Nc5 Bc4 40. Kg3
1-0

[Event "YACT #1"]
[Site "SchemingMind.com"]
[Date "2007.08.13"]
[Round "-"]
[White "Dr_Pat"]
[Black "bartleby en passant"]
[Result "0-1"]
[WhiteCountry "USA"]
[BlackCountry "IRL"]
[WhiteElo "1476"]
[WhiteRD "57"]
[BlackElo "1761"]
[BlackRD "71"]
[GameID "116299"]

1. d4 d5 2. c4 e6 3. Nc3 c6 4. Nf3 dxc4 5. Bg5 Nf6 6. e4 b5 7. e5 h6 8. Bh4 g5 9. Bg3 Nd5 10. Nxd5 cxd5
11. b3 Qa5+ 12. Qd2 Bb4
0-1

[Event "YACT #1"]
[Site "SchemingMind.com"]
[Date "2007.08.14"]
[Round "-"]
[White "jhobeck"]
[Black "bartleby en passant"]
[Result "0-1"]
[WhiteCountry "USA"]
[BlackCountry "IRL"]
[WhiteElo "1356"]
[WhiteRD "72"]
[BlackElo "1761"]
[BlackRD "74"]
[GameID "116300"]

1. e4 c5 2. c3 e5 3. d4 exd4 4. Nf3 dxc3 5. Bc4 cxb2 6. Bxb2 h6 7. Qd5 Qe7 8. Ne5 Qe6 9. Nc3 Nf6 10. Qxe6+ dxe6
11. O-O-O a6 12. Rd2 Be7 13. Rhd1 O-O 14. Na4 b5 15. Nb6 Ra7 16. Nxc8 Rxc8 17. Be2 Nxe4 18. Rc2 Nxf2 19. Rdd2 Ne4 20. Rd3 c4
21. Rd4 f5 22. Kb1 Bf6 23. Rc1 Bxe5 24. Rdd1 Bxb2 25. Rc2 Be5
0-1

[Event "YACT #1"]
[Site "SchemingMind.com"]
[Date "2007.08.13"]
[Round "-"]
[White "Quanah4"]
[Black "bartleby en passant"]
[Result "0-1"]
[WhiteCountry "USA"]
[BlackCountry "IRL"]
[WhiteElo "1645"]
[WhiteRD "75"]
[BlackElo "1759"]
[BlackRD "72"]
[GameID "116301"]

1. d4 d5 2. e3 Nf6 3. Nf3 Bg4 4. Be2 Nc6 5. Nbd2 e6 6. c4 Bb4 7. cxd5 exd5 8. b3 O-O 9. O-O Re8 10. Bb2 Bd6
11. h3 Bh5 12. Rc1 Ne4 13. Nxe4 dxe4 14. Nd2 Bxe2 15. Qxe2 Nb4 16. a3 Nd3 17. Nc4 Nxc1 18. Rxc1 b5 19. Nd2 b4 20. a4 a5
21. Nc4 Re6 22. d5 Rg6 23. f3 exf3 24. Qxf3 Rg3 25. Qf2 Qg5 26. Nxd6 cxd6 27. e4 Rxb3 28. Qc2 Qe3+ 29. Kh1 h6 30. Bd4 Qd3
31. Qxd3 Rxd3 32. Bb2 Re3 33. Rc6 Rxe4 34. Rxd6 Re2 35. Bd4 Rd2 36. Be5 f6 37. Bg3 Rb8 38. Ra6 Rb7 39. Rxa5 b3 40. Ra8+ Kf7
41. Rc8 b2 42. Bf4 b1=Q+ 43. Kh2 Rxd5 44. Rc1 Qe4 45. g3 Rb2+ 46. Kg1 Qg2#
0-1

[Event "YACT #1"]
[Site "SchemingMind.com"]
[Date "2007.08.13"]
[Round "-"]
[White "Stahp"]
[Black "bartleby en passant"]
[Result "1/2-1/2"]
[WhiteCountry "FRA"]
[BlackCountry "IRL"]
[WhiteElo "1694"]
[WhiteRD "92"]
[BlackElo "1761"]
[BlackRD "74"]
[GameID "116302"]

1. e4 c5 2. Nf3 d6 3. Bc4 Nf6 4. Nc3 e5 5. h3 h6 6. d3 Nc6 7. Nd5 Nxd5 8. Bxd5 Nd4 9. Nxd4 cxd4 10. Qf3 Qf6
11. Qxf6 gxf6 12. Bd2 a5 13. a4 Ra7 14. b4 axb4 15. Bxb4 b5 16. a5 Be6 17. Bxe6 fxe6 18. Ke2 d5 19. Bxf8 Rxf8 20. Rhb1 Kd7
21. Rxb5 Kc6 22. Rb6+ Kd7 23. a6 Rc8 24. Rb7+ Rxb7 25. axb7 Rb8 26. Rb1 Kc7 27. Kf3 dxe4+ 28. Kxe4 Rxb7 29. Rxb7+ Kxb7 30. Kf3 Kc6
31. Kg4 f5+ 32. Kf3 Kc5 33. g4 fxg4+ 34. hxg4 Kd5 35. Ke2 e4 36. f3 e3 37. f4 e5 38. f5 Kd6 39. Kf3 Ke7 40. c4 dxc3
41. Kxe3 Kf6 42. Ke2 Kg5 43. Kd1 h5 44. f6 Kxf6 45. gxh5 Kg5 46. Kc2 Kxh5 47. Kxc3 Kg4 48. Kc4 Kf4 49. Kd5=
1/2-1/2

[Event "YACT #1"]
[Site "SchemingMind.com"]
[Date "2007.08.13"]
[Round "-"]
[White "Archon"]
[Black "Dr_Pat"]
[Result "1-0"]
[WhiteCountry "CAN"]
[BlackCountry "USA"]
[WhiteElo "1711"]
[WhiteRD "52"]
[BlackElo "1476"]
[BlackRD "57"]
[GameID "116303"]

1. d4 Nf6 2. c4 e6 3. Nc3 Bb4 4. Qc2 d5 5. cxd5 exd5 6. Bg5 O-O 7. e3 Nbd7 8. Bd3 Bxc3+ 9. bxc3 g6 10. Nf3 c5
11. Rc1 cxd4 12. cxd4 Qa5+ 13. Kf1 Re8 14. h4 Ne4 15. h5 Nxg5 16. Nxg5 Nf6 17. hxg6 hxg6 18. Bxg6
1-0

[Event "YACT #1"]
[Site "SchemingMind.com"]
[Date "2007.08.13"]
[Round "-"]
[White "Archon"]
[Black "jhobeck"]
[Result "1-0"]
[WhiteCountry "CAN"]
[BlackCountry "USA"]
[WhiteElo "1710"]
[WhiteRD "51"]
[BlackElo "1365"]
[BlackRD "70"]
[GameID "116304"]

1. d4 d5 2. c4 e6 3. Nc3 Be7 4. cxd5 exd5 5. Bf4 Nf6 6. e3 O-O 7. Bd3 b6 8. Nge2 Bg4 9. f3 Bh5 10. Bg3 Nc6
11. O-O Qd7 12. a3 Bd6 13. Bh4 Qe6 14. Nf4 Qxe3+ 15. Bf2 Qe7 16. Ncxd5 Nxd5 17. Nxd5 Qg5 18. Bc4 Bf4 19. Nxf4 Qxf4 20. Bg3 Qe3+
21. Bf2 Qf4 22. Qd3 Rad8 23. Rad1 Bg6 24. Qe3 Qxe3 25. Bxe3 Rde8 26. Bf2 Bc2 27. Rc1 Ba4 28. Rfe1 Na5 29. Rxe8 Bxe8 30. Ba2 Bb5
31. Rxc7 Ba6 32. d5 h6 33. d6 Nb7 34. d7 Bb5 35. Rxb7 Ba6 36. Rxa7 Bd3 37. Bxb6 Rb8 38. d8=Q+ Rxd8 39. Bxd8 Bb5 40. Bb1 Bc6
41. b4 g5 42. Bf6 Kf8 43. Rc7 Be8 44. Rc8
1-0

[Event "YACT #1"]
[Site "SchemingMind.com"]
[Date "2007.08.13"]
[Round "-"]
[White "Archon"]
[Black "Quanah4"]
[Result "1-0"]
[WhiteCountry "CAN"]
[BlackCountry "USA"]
[WhiteElo "1711"]
[WhiteRD "52"]
[BlackElo "1599"]
[BlackRD "78"]
[GameID "116305"]

1. d4 d5 2. c4 Nf6 3. cxd5 Nxd5 4. Nf3 e6 5. e4 Nf6 6. Nc3 Bb4 7. Bd3 Nbd7 8. O-O Be7 9. Bg5 O-O 10. Re1 c5
11. Bxf6 Bxf6 12. e5 Be7 13. Rc1 b6 14. Bb1 Bb7 15. Qd3 f6 16. Qxh7+ Kf7 17. Bg6#
1-0

[Event "YACT #1"]
[Site "SchemingMind.com"]
[Date "2007.08.13"]
[Round "-"]
[White "Archon"]
[Black "bartleby en passant"]
[Result "1-0"]
[WhiteCountry "CAN"]
[BlackCountry "IRL"]
[WhiteElo "1710"]
[WhiteRD "51"]
[BlackElo "1762"]
[BlackRD "76"]
[GameID "116306"]

1. d4 d5 2. c4 e6 3. Nc3 Bb4 4. cxd5 exd5 5. Bf4 Nf6 6. e3 Ne4 7. Rc1 Bf5 8. Ne2 c6 9. a3 Bxc3+ 10. Nxc3 O-O
11. Bd3 Nxc3 12. Rxc3 Bxd3 13. Qxd3 Nd7 14. O-O Nf6 15. h3 Ne4 16. Rc2 Qd7 17. b4 a6 18. a4 g5 19. Bh2 Rae8 20. Rb1 g4
21. hxg4 f5 22. g5 Nxg5 23. b5 Qg7 24. Bg3 Re6 25. bxc6 bxc6 26. Rbc1 Qb7 27. Qa3 Ne4 28. Bf4 Rc8 29. a5 h5 30. f3 Nf6
31. Kf2 Nh7 32. Rc5 Kf7 33. Qc3 Nf6 34. Qc2 Kg6 35. Rb1 Qd7 36. Rb6 Qe7 37. Rxa6 Nh7 38. Raxc6 Rcxc6 39. Rxc6 Rxc6 40. Qxc6+ Nf6
41. a6
1-0

[Event "YACT #1"]
[Site "SchemingMind.com"]
[Date "2007.08.13"]
[Round "-"]
[White "Archon"]
[Black "Stahp"]
[Result "1-0"]
[WhiteCountry "CAN"]
[BlackCountry "FRA"]
[WhiteElo "1710"]
[WhiteRD "51"]
[BlackElo "1639"]
[BlackRD "105"]
[GameID "116307"]

1. d4 d5 2. c4 e6 3. Nc3 Bb4 4. cxd5 exd5 5. Bf4 Nc6 6. Nf3 Nf6 7. e3 Ne4 8. Qc2 Nxc3 9. bxc3 Bd6 10. Bg3 Bxg3
11. hxg3 f6 12. Rxh7 Rxh7 13. Qxh7 Kf7 14. Bd3 Ne7 15. Nh4 Qg8 16. Bg6+ Kf8 17. Qh5 Be6 18. Kd2 Bf7 19. Rh1 c6 20. Bxf7 Qxf7
21. Nf3 Qxh5 22. Rxh5 Kf7 23. Kd3 Ng6 24. Nh4 Rh8 25. Rxh8 Nxh8 26. Nf5 b5 27. Nh4 Ng6 28. Nxg6 Kxg6 29. e4 Kg5 30. f3 f5
31. e5 a5 32. a3 Kg6 33. Ke3 Kf7 34. Kf4 g6 35. Kg5 Kg7 36. f4 b4 37. cxb4
1-0

[Event "YACT #1"]
[Site "SchemingMind.com"]
[Date "2007.08.13"]
[Round "-"]
[White "Dr_Pat"]
[Black "Archon"]
[Result "0-1"]
[WhiteCountry "USA"]
[BlackCountry "CAN"]
[WhiteElo "1476"]
[WhiteRD "57"]
[BlackElo "1711"]
[BlackRD "52"]
[GameID "116308"]

1. d4 d6 2. e4 Nf6 3. Nc3 g6 4. Nf3 Bg7 5. Bd3 O-O 6. O-O c6 7. a4 Bg4 8. Bg5 Qa5 9. Re1 Bxf3 10. Qxf3 Qxg5
11. Ne2 Qa5
0-1

[Event "YACT #1"]
[Site "SchemingMind.com"]
[Date "2007.08.13"]
[Round "-"]
[White "jhobeck"]
[Black "Archon"]
[Result "0-1"]
[WhiteCountry "USA"]
[BlackCountry "CAN"]
[WhiteElo "1365"]
[WhiteRD "70"]
[BlackElo "1710"]
[BlackRD "51"]
[GameID "116309"]

1. e4 d6 2. d4 Nf6 3. Nc3 g6 4. Nf3 Bg7 5. Be2 O-O 6. O-O Bg4 7. h3 Bxf3 8. Bxf3 e5 9. Nd5 Nxd5 10. exd5 Nd7
11. Qd3 exd4 12. c3 Ne5 13. Qe4 dxc3 14. bxc3 Nxf3+ 15. Qxf3 Qf6 16. Bf4 Qxc3 17. Qxc3 Bxc3 18. Rac1 Ba5 19. Bh6 Rfe8 20. Rc4 Re2
21. Ra4 Bb6 22. Rg4 Rae8 23. Rg5 Rxa2 24. Kh1 Ree2 25. Rg3 Bxf2
0-1

[Event "YACT #1"]
[Site "SchemingMind.com"]
[Date "2007.08.13"]
[Round "-"]
[White "Quanah4"]
[Black "Archon"]
[Result "0-1"]
[WhiteCountry "USA"]
[BlackCountry "CAN"]
[WhiteElo "1579"]
[WhiteRD "80"]
[BlackElo "1753"]
[BlackRD "50"]
[GameID "116310"]

1. d4 d6 2. c4 g6 3. Nf3 Nf6 4. e3 Bg7 5. Nc3 Nbd7 6. Be2 e6 7. O-O b6 8. b3 Bb7 9. Bb2 a6 10. Rc1 h6
11. Bd3 O-O 12. a4 Kh7 13. Qc2 c5 14. Be2 Rc8 15. Rfd1 Qe7 16. h3 d5 17. Ba3 Qd8 18. Bd3 Re8 19. e4 Nxe4 20. Nxe4 dxe4
21. Bxe4 Bxe4 22. Qxe4 Qc7 23. Qc2 Red8 24. Bb2 cxd4 25. Bxd4 Nf6 26. Qb2 Nh5 27. g4 Bxd4 28. Nxd4 Nf4 29. Qc3 Nd5 30. Qd3 Ne7
31. Qf3 Kg7 32. Qc3 Kg8 33. Qe3 Nc6 34. Rd2 Nxd4 35. Rxd4 Rxd4 36. Qxd4 Rd8 37. Qe3 Qd6 38. Qxh6 Qd3 39. Qe3 Rd4 40. Kg2 Qxe3
41. fxe3 Rd3 42. Rb1 Rxe3 43. Rb2 Rd3 44. h4 Kf8 45. h5 gxh5 46. gxh5 Kg7 47. Kf1 Rh3 48. Rd2 Rxb3 49. Rh2 Rb4 50. h6+ Kh7
51. Rh4 Rxa4 52. Kf2 b5 53. Rf4 f5 54. Rd4 Rxc4 55. Rd6 Kxh6 56. Rxe6+ Kg5 57. Rxa6 b4 58. Ra4 Kf4 59. Ke2 Ke4 60. Kd2 f4
61. Ke2 f3+ 62. Kf2 Kf4 63. Kf1 Ke3 64. Ke1 Rc1#
0-1

[Event "YACT #1"]
[Site "SchemingMind.com"]
[Date "2007.08.13"]
[Round "-"]
[White "bartleby en passant"]
[Black "Archon"]
[Result "1-0"]
[WhiteCountry "IRL"]
[BlackCountry "CAN"]
[WhiteElo "1762"]
[WhiteRD "76"]
[BlackElo "1710"]
[BlackRD "51"]
[GameID "116311"]

1. e4 d6 2. d4 Nf6 3. Nc3 g6 4. f4 Bg7 5. Nf3 O-O 6. e5 dxe5 7. fxe5 Nd5 8. Ne4 c6 9. c4 Nb6 10. b3 Bg4
11. Be2 Bxf3 12. Bxf3 f5 13. Nc5 Qc8 14. e6 a5 15. Bf4 Na6 16. Nxa6 Qxe6+ 17. Kf2 Rxa6 18. Re1 Qd7 19. Be5 Raa8 20. Bxg7 Kxg7
21. Qd2 a4 22. d5 axb3 23. Qd4+ Kg8 24. Qxb6 bxa2 25. dxc6 bxc6 26. Bxc6 Qd2+ 27. Kg1 Rab8 28. Bd5+ Kh8 29. Qa7 Rb1 30. Raxb1
1-0

[Event "YACT #1"]
[Site "SchemingMind.com"]
[Date "2007.08.13"]
[Round "-"]
[White "Stahp"]
[Black "Archon"]
[Result "0-1"]
[WhiteCountry "FRA"]
[BlackCountry "CAN"]
[WhiteElo "1639"]
[WhiteRD "105"]
[BlackElo "1710"]
[BlackRD "51"]
[GameID "116312"]

1. e4 d6 2. d4 Nf6 3. Nc3 g6 4. f4 Bg7 5. Be2 O-O 6. Nf3 c5 7. dxc5 Qa5 8. Qd4 Nc6 9. Qa4 Qxc5 10. Bd2 Qb6
11. Qb3 Qc7 12. Nd5 Nxd5 13. exd5 Nd4 14. Nxd4 Bxd4 15. c4 Qb6 16. Qxb6 Bxb6 17. Bc3 Bf5 18. O-O-O Be3+ 19. Bd2 Bd4 20. h3 Rfc8
21. b3 Bc5 22. Kb2 b5 23. Rhf1 bxc4 24. Bxc4 a5 25. a4 Bd4+ 26. Ka2 Bg7 27. Bc1 Rab8 28. Bb2 Rxc4 29. bxc4 Rxb2+ 30. Ka3 Rxg2
31. Rc1 Bb2+
0-1